| 000 | 01294nam0a22002771 4500 | ||
|---|---|---|---|
| 001 | rc\4653233 | ||
| 005 | 20250611214458.0 | ||
| 035 | _a(NLR Aleph) 008413451 | ||
| 090 |
_a9311245 _c9311245 |
||
| 100 | _a20130416d1958 |||y0rusy50 ca | ||
| 101 | 0 | _arus | |
| 102 | _aRU | ||
| 105 | _ay z ||||| | ||
| 200 | 1 |
_aК вопросу о модальных значениях инфинитива и инфинитивных сочетаний в современном английском языке _aИнфинитивное определение в английской языке _aИнфинитивные предложения в английском языке |
|
| 210 |
_aЛенинград _cБ. и. _d1958 |
||
| 215 |
_a118 с. _d22 |
||
| 225 | 1 |
_aТруды Высшего инженерно-технического краснознаменного училища ВМФ _vВып. 43 |
|
| 300 | _aНа тит. л. и обл. только загл. серии | ||
| 300 | _aАвт. указан на 3-й с. перед загл. | ||
| 333 | _aПродаже не подлежит | ||
| 700 | 1 |
_aПавленко _bВ.Н. _gВалентина Николаевна |
|
| 801 | 0 |
_aRU _bNLR _gpsbo |
|
| 801 | 1 |
_aRU _bELAR _2rusmarc |
|
| 852 |
_aNLR _jП10/1774 |
||
| 942 | _cBOOK | ||
| 980 | _aNB | ||